000 00726nam a2200217Ii 4500
003 JO-AjNU
008 230605s9999||||xx |||||||||||||| ||und||
017 _a2017/9/4580
020 _a978-9957-94-380-6
040 _aJO-AjNU
_bara
_erda
_cJO-AjNU
041 _aara
050 1 4 _aPJ8060.A67 2017
100 3 _aالأزرعي، سليمان جمع وتقديم,
_eauthor
_957791
245 0 0 _aالشاعر الراحل سهيل السيد أحمد
264 3 1 _aعمان: وزارة الثقافة، 2017
300 _a429ص
336 _atext
_btxt
_2rdacontent
337 _aunmediated
_bn
_2rdamedia
338 _avolume
_bnc
_2rdacarrier
650 4 _aالشعر العربي - تاريخ ونقد - تراجم
_957792
999 _aA25918
_c29486
_d29486